Landscapes of the Bible / (Record no. 32108)
[ view plain ]
| 000 -LEADER | |
|---|---|
| fixed length control field | 00523nam a2200157 4500 |
| 008 - FIXED-LENGTH DATA ELEMENTS--GENERAL INFORMATION | |
| fixed length control field | 080820s1963 xx 000 0 eng |
| 090 ## - LOCALLY ASSIGNED LC-TYPE CALL NUMBER (OCLC); LOCAL CALL NUMBER (OCLC) | |
| Classification number (OCLC) (R) ; Classification number, CALL (RLIN) (NR) | DS108.5 |
| Local cutter number (OCLC) ; Book number/undivided call number, CALL (RLIN) | Ei2l |
| 100 1# - MAIN ENTRY--PERSONAL NAME | |
| Personal name | Eichholz, Georg. |
| 245 10 - TITLE STATEMENT | |
| Title | Landscapes of the Bible / |
| Statement of responsibility, etc | Translated by John W. Doberstein. |
| 260 ## - PUBLICATION, DISTRIBUTION, ETC. (IMPRINT) | |
| Place of publication, distribution, etc | New York : |
| Name of publisher, distributor, etc | Harper & Row, |
| Date of publication, distribution, etc | [1963] |
| 300 ## - PHYSICAL DESCRIPTION | |
| Extent | 151 p. : |
| Other physical details | col. ill., ; |
| Dimensions | 28 cm. |
| 630 04 - SUBJECT ADDED ENTRY--UNIFORM TITLE | |
| Uniform title | Bible |
| General subdivision | Geography. |
| 651 #4 - SUBJECT ADDED ENTRY--GEOGRAPHIC NAME | |
| Geographic name | Middle East |
| Form subdivision | Pictorial works. |
| 951 ## - EQUIVALENCE OR CROSS-REFERENCE-GEOGRAPHIC NAME/AREA NAME [OBSOLETE] [CAN/MARC only] | |
| General subdivision | 00036839 |
| 951 ## - EQUIVALENCE OR CROSS-REFERENCE-GEOGRAPHIC NAME/AREA NAME [OBSOLETE] [CAN/MARC only] | |
| -- | 32254 |
| -- | DS108.5/Ei2l |
| -- | 080820162058124 |
| -- | 2000-12-21 |
| Withdrawn status | Lost status | Damaged status | Not for loan | Home library | Current library | Date acquired | Accession number | Shelving control number | Total Checkouts | Full call number | Barcode | Date last seen | Price effective from | Koha item type |
|---|---|---|---|---|---|---|---|---|---|---|---|---|---|---|
| BSOP Library | BSOP Library | 12/21/2000 | 32254 | 127 | DS108.5/Ei2l | 00036839 | 02/23/2013 | 02/23/2013 | Books |
